Encyclopaedia of Islam (Record no. 2186)

MARC details
000 -LEADER
fixed length control field 00546nam a2200205 a 4500
020 ## - INTERNATIONAL STANDARD BOOK NUMBER
ISBN
082 00 - DEWEY DECIMAL CLASSIFICATION NUMBER
Classification number 297.03
Author Cutter ENC5
245 ## - TITLE STATEMENT
Title Encyclopaedia of Islam
Sub title Index of Proper Names
260 ## - PUBLICATION, DISTRIBUTION, ETC. (IMPRINT)
Place of publication Leiden
Name of publisher E. J. Brill
Year of publication 1938
500 ## - GENERAL NOTE
General note includes index and biblioraphy
650 ## - SUBJECT ADDED ENTRY--TOPICAL TERM
Topical Term Encyclopeadia of Islam-Brill Indexe
942 ## - ADDED ENTRY ELEMENTS (KOHA)
Koha item type Books
Holdings
Collection code Home library Current library Shelving location Date acquired Cost, normal purchase price Full call number Accession Number Koha item type
Reference Henry Martyn Institute Library Henry Martyn Institute Library Reference 08/31/2018 100.00 297.03 ENC5 22 Archive Book
Reference Henry Martyn Institute Library Henry Martyn Institute Library Reference 11/02/2016 100.00 297.03 ENC5 14618 Archive Book
Reference Henry Martyn Institute Library Henry Martyn Institute Library Reference 08/31/2018 100.00 297.03 ENC5 15924 Archive Book
                   Copyright © 2026 | Henry Martyn Institute | Hyderabad | TS-500052 | INDIA | Implemented by hmi.edu.in
Hit-Count:

Powered by Koha